Most Common Words In Featured Jetpunk Blog Titles - Statistics

General Stats
  • This quiz has been taken 99 times
  • The average score is 6 of 27
Answer Stats
# Answer % Correct
3 A
81%
7 The
80%
2 In
49%
3 Most
49%
4 Of
44%
3 And
42%
5 To
40%
2 Quiz
39%
2 On
35%
3 Jetpunk
33%
2 For
24%
3 How
20%
2 All
19%
2 Best
15%
6 New
12%
3 Feature
9%
2 Names
7%
4 Quizzes
7%
2 History
5%
2 Make
5%
2 Maps
2%
2 User
2%
2 Upvoted
1%
2 Area
0%
2 Introducing
0%
2 Other
0%
2 Planting
0%
No matching quizzes found
Score Distribution
Percent of People with Each Score
Percentile by Number Answered
Your Score History
You have not taken this quiz